01437nam a22003737a 4500003000500000005001700005008004100022010001100063011001100074035001100085040000900096082001500105100003300120245017000153260003000323300004400353590004100397590004100438590004100479590004200520650003200562650003200594650003300626650003000659650003000689650003800719700003500757700003300792901000700825942001000832949006700842999001900909952013500928CHAP20220329143740.0110531s1952 sp a r 00010 spa d a101362 a102334 a113022 cCHAP04a628.1bF641 aFlinn, Alfred Douglas94128310aAbastecimiento de aguas :bcaptación, conducción, depuración y distribución de aguasc/por Alfred Douglas Flinn, Robert Spurr Weston y Clinton Lathrop Bogert aBarcelona :bLabor,c1952 axiii, 880 p. :bilus., gráfs., tablas aBATCH-UPDb10c20130110lUCH01h1317 aBATCH-UPDb10c20130410lUCH01h0828 aBATCH-UPDb10c20130914lUCH01h0307 aCONVERSIONb10c20130109lUCH01h135614aAguaxAbastecimiento.9222314aAguaxAlmacenamiento.9227914aAguaxAprovechamiento.9228214aAguaxDistribucion.9236614aAguaxPurificacion.9239714aIngeniería hidráulica.9582351 aBogert, Clinton Lathrop9134141 aWeston, Robert Spurr9121578 aBK cLIBRO a628.1 F64bBCcLIBROd33724002247389eLIBROh115089i113022sb c101362d101362 00102ddc4052708GRALaBCbBCcPP_GRALd2019-12-31fLIBROl0o628.1 F64p33724002247389r2019-12-31 00:00:00w2019-12-31yLIBRO